[Event "European Rapid 2021"]
[Site "Katowice POL"]
[Date "2021.12.18"]
[Round "2.6"]
[White "Andersen, Mads"]
[Black "Hadrys, Bogdan"]
[Result "1-0"]
[WhiteTitle "GM"]
[WhiteElo "2574"]
[BlackElo "2018"]
[WhiteFideId "1413864"]
[BlackFideId "1109766"]
[EventDate "2021.12.18"]

1. Nf3 Nf6 2. g3 g6 3. b3 Bg7 4. Bb2 d6 5. d4 Nbd7 6. Bg2 O-O 7. Qd2 Re8 8. c4
e5 9. dxe5 dxe5 10. Nxe5 Qe7 11. Nxd7 Nxd7 12. Bxg7 Kxg7 13. Nc3 c6 14. O-O Nf6
15. Rfe1 Be6 16. Rad1 Rad8 17. Qb2 Kg8 18. h3 Rxd1 19. Rxd1 Rd8 20. Qc1 Rxd1+
21. Qxd1 Qd7 22. Qxd7 Bxd7 23. e4 Ne8 24. f4 f6 25. Kf2 Nc7 26. Ke3 Kf7 27. h4
h6 28. Bf3 Ke7 29. Ne2 b6 30. Nc1 Kd6 31. Nd3 Ke7 32. c5 Ne6 33. b4 b5 34. a3
Nf8 35. Ne1 Ne6 36. Nc2 Ng7 37. Nd4 Ne6 38. Nc2 g5 39. Bh5 Nd8 40. Nd4 Nf7 41.
Bg6 gxh4 42. gxh4 Nd8 43. Kf3 Bc8 44. Bf5 Bd7 45. Bxd7 Kxd7 46. Kg4 1-0

[Event "European Rapid 2021"]
[Site "Katowice POL"]
[Date "2021.12.18"]
[Round "2.7"]
[White "Dwilewicz, Katarzyna"]
[Black "Laurusas, Tomas"]
[Result "0-1"]
[WhiteTitle "WFM"]
[BlackTitle "GM"]
[WhiteElo "2100"]
[BlackElo "2557"]
[WhiteFideId "1148486"]
[BlackFideId "12803731"]
[EventDate "2021.12.18"]

1. e4 c5 2. Nf3 d6 3. d4 cxd4 4. Nxd4 Nf6 5. Nc3 a6 6. a4 Nc6 7. a5 Nxa5 8. Nd5
e6 9. Nxf6+ gxf6 10. Qh5 Nc6 11. Nxc6 bxc6 12. Bd3 d5 13. O-O Bb7 14. exd5 Qxd5
15. Qe2 c5 16. f3 Bd6 17. Bxa6 Bxh2+ 18. Kxh2 Qd6+ 19. Bf4 Qxf4+ 20. Kh1 Bxa6
21. Rxa6 O-O 22. Rxa8 Rxa8 23. Rd1 Kg7 24. g3 Qf5 25. Kg2 Ra2 26. c3 Qe5 27. Qd2
Qb8 28. Rb1 c4 29. Qe2 Qb3 30. Kf2 h5 31. f4 Qb6+ 32. Kg2 Qc6+ 33. Kf2 Qc5+ 34.
Kg2 Qd5+ 35. Kf2 Kg6 36. Rd1 Rxb2 37. Qxb2 Qxd1 38. Qb8 Qd2+ 39. Kg1 Qxc3 40.
Qg8+ Kf5 41. g4+ hxg4 42. Qh7+ Kxf4 43. Qh6+ Ke4 44. Qh7+ Kd4 45. Qxf7 Qe3+ 46.
Kh1 f5 47. Qa7+ Ke4 48. Qb7+ Kd3 49. Qd7+ Kc3 50. Qg7+ Qd4 51. Qe7 Kc2 52. Qa3
Qd5+ 53. Kg1 c3 54. Qa4+ Kd3 55. Qd1+ Ke4 56. Qe1+ Kd4 57. Qf2+ Kd3 58. Qf1+ Kc2
59. Qe2+ Kb3 60. Kf2 Qd2 0-1

[Event "European Rapid 2021"]
[Site "Katowice POL"]
[Date "2021.12.18"]
[Round "2.8"]
[White "Fridman, Daniel"]
[Black "Redzisz, Michal"]
[Result "1-0"]
[WhiteTitle "GM"]
[BlackTitle "FM"]
[WhiteElo "2626"]
[BlackElo "2261"]
[WhiteFideId "11600454"]
[BlackFideId "21816107"]
[EventDate "2021.12.18"]

1. d4 Nf6 2. Nf3 g6 3. g3 Bg7 4. Bg2 d5 5. O-O O-O 6. c4 dxc4 7. Na3 c3 8. bxc3
c5 9. Re1 Nc6 10. e4 cxd4 11. cxd4 Bg4 12. Bb2 Qa5 13. d5 Nb4 14. Qb3 Na6 15.
Nc4 Qb4 16. Nfe5 Bd7 17. Qxb4 Nxb4 18. Rab1 Bc8 19. Bc1 Na6 20. Ba3 Re8 21. Na5
Nd7 22. Nxd7 Bc3 23. Rec1 Bxa5 24. Ne5 Bc7 25. Nc4 b6 26. e5 Bb7 27. f4 Rac8 28.
d6 Bxg2 29. Kxg2 1-0

[Event "European Rapid 2021"]
[Site "Katowice POL"]
[Date "2021.12.18"]
[Round "2.9"]
[White "Rudzinska, Michalina"]
[Black "Pultinevicius, Paulius"]
[Result "0-1"]
[WhiteTitle "WFM"]
[BlackTitle "GM"]
[WhiteElo "2215"]
[BlackElo "2546"]
[WhiteFideId "1172883"]
[BlackFideId "12809390"]
[EventDate "2021.12.18"]

1. Nf3 d5 2. b3 Nf6 3. Bb2 Bf5 4. e3 c6 5. d3 Nbd7 6. c4 e6 7. Nbd2 Nc5 8. cxd5
exd5 9. Qc2 Be7 10. Be2 O-O 11. O-O Bd6 12. b4 Ncd7 13. e4 dxe4 14. dxe4 Bg6 15.
a3 Re8 16. Bd3 Qc7 17. Nc4 Nxe4 18. Rad1 Bf8 19. Nh4 Nef6 20. Nf5 Nd5 21. g3
N7b6 22. Nxb6 Qxb6 23. Ba1 f6 24. Bd4 Qd8 25. b5 Qd7 26. bxc6 bxc6 27. Rd2 Bxa3
28. h4 Bf8 29. Rfd1 Bb4 30. g4 Bxd2 31. Rxd2 Re1+ 32. Kh2 Rae8 33. h5 Bxf5 34.
Bxf5 Qc7+ 35. Kg2 Nf4+ 36. Kf3 Rh1 37. g5 fxg5 38. Bxh7+ Kh8 39. Bf5 Qf7 40. Kg3
Rg1+ 41. Kf3 Qxh5+ 0-1

[Event "European Rapid 2021"]
[Site "Katowice POL"]
[Date "2021.12.18"]
[Round "2.10"]
[White "Donchenko, Alexander"]
[Black "Kolesnikovs, Ivans"]
[Result "1-0"]
[WhiteTitle "GM"]
[WhiteElo "2636"]
[BlackElo "2052"]
[WhiteFideId "24603295"]
[BlackFideId "11602244"]
[EventDate "2021.12.18"]

1. Nf3 d5 2. g3 Nf6 3. Bg2 e6 4. O-O Be7 5. c4 O-O 6. d4 dxc4 7. Qc2 b5 8. a4 c6
9. axb5 cxb5 10. Ng5 h6 11. Bxa8 hxg5 12. Bxg5 Qxd4 13. Be3 Qg4 14. Rxa7 Nbd7
15. Rd1 Bc5 16. Bxc5 Nxc5 17. Nc3 e5 18. Nd5 Nxd5 19. Bxd5 Bf5 20. Qd2 Nb3 21.
Qe3 Nd4 22. Bf3 Qg6 23. Qxe5 Nxf3+ 24. exf3 Bd3 25. Qxb5 Be2 26. Re1 Bxf3 27.
Qxc4 Qh5 28. Ra3 Bd5 29. Ra5 Rd8 30. Qh4 1-0

[Event "European Rapid 2021"]
[Site "Katowice POL"]
[Date "2021.12.18"]
[Round "2.11"]
[White "Agafonov, Yuri Dr"]
[Black "Durarbayli, Vasif"]
[Result "0-1"]
[BlackTitle "GM"]
[WhiteElo "2077"]
[BlackElo "2615"]
[WhiteFideId "11602104"]
[BlackFideId "13402935"]
[EventDate "2021.12.18"]

1. d4 Nf6 2. Nf3 e6 3. Bf4 Be7 4. e3 Nh5 5. Bg3 d6 6. Bd3 Nd7 7. c4 c5 8. Nc3
cxd4 9. exd4 h6 10. Qe2 a6 11. Rd1 Ndf6 12. O-O O-O 13. Rfe1 Re8 14. a3 Bd7 15.
b4 Rc8 16. c5 Bc6 17. Ne4 Nxg3 18. hxg3 Nd5 19. cxd6 Bxd6 20. Ne5 Nf6 21. Nc5
Bd5 22. f3 a5 23. Bb5 Re7 24. g4 axb4 25. axb4 b6 26. Ncd3 Rec7 27. Qe3 Nh7 28.
Rc1 Nf8 29. Rxc7 Rxc7 30. Rc1 Qc8 31. Rxc7 Qxc7 32. Nf4 Ba2 33. Be8 Bxe5 34.
dxe5 Qe7 35. Qd2 Qxe8 36. Qxa2 Qb5 37. Qd2 Qxe5 38. Ne2 Qb5 39. Kf2 Ng6 40. Qd6
Kh7 41. f4 Nh4 42. g3 Ng6 43. Ke3 Kg8 44. Nd4 Qa6 45. b5 Qa5 46. Qc7 Qa3+ 47.
Ke4 Qxg3 48. Qxb6 Qxf4+ 49. Kd3 Ne5+ 50. Kc3 Qe3+ 51. Kb4 Qd2+ 52. Kb3 Qd3+ 53.
Kb4 Qc4+ 54. Ka3 Qc3+ 55. Nb3 Nc4+ 0-1

[Event "European Rapid 2021"]
[Site "Katowice POL"]
[Date "2021.12.18"]
[Round "2.12"]
[White "Klekowski, Maciej"]
[Black "Malicka, Maria"]
[Result "1-0"]
[WhiteTitle "GM"]
[BlackTitle "FM"]
[WhiteElo "2479"]
[BlackElo "2307"]
[WhiteFideId "1132717"]
[BlackFideId "1197576"]
[EventDate "2021.12.18"]

1. c4 e5 2. Nc3 Nf6 3. g3 Nc6 4. Bg2 Bc5 5. e3 d5 6. cxd5 Nb4 7. d3 Nbxd5 8. a3
O-O 9. Nge2 c6 10. O-O Qe7 11. Qc2 Be6 12. b4 Bb6 13. Na4 Rfd8 14. e4 Nc7 15.
Bb2 Nd7 16. Nxb6 axb6 17. f4 f6 18. d4 exf4 19. gxf4 f5 20. d5 Bf7 21. Ng3 fxe4
22. Nf5 Qf8 23. Bxg7 Qe8 24. dxc6 bxc6 25. Qc3 h5 26. Bh6 Ne6 27. Nd6 Qe7 28. f5
Nd4 29. Qg3+ 1-0

[Event "European Rapid 2021"]
[Site "Katowice POL"]
[Date "2021.12.18"]
[Round "2.19"]
[White "Krasenkow, Michal"]
[Black "Spanos, Nomikos"]
[Result "1-0"]
[WhiteTitle "GM"]
[WhiteElo "2576"]
[BlackElo "1827"]
[WhiteFideId "1113100"]
[BlackFideId "4289870"]
[EventDate "2021.12.18"]

1. Nf3 d5 2. d4 g6 3. c4 c6 4. Nc3 Bg7 5. cxd5 cxd5 6. Qb3 e6 7. Bf4 a6 8. e4
Ne7 9. e5 Nbc6 10. Bd3 O-O 11. Ne2 b5 12. h4 f6 13. exf6 Bxf6 14. Bh6 Bg7 15.
Bxg7 Kxg7 16. h5 Nf5 17. hxg6 hxg6 18. Bxf5 Rxf5 19. Qe3 Qg8 20. Ng3 e5 21. Nxe5
Nb4 22. Rc1 Ra7 23. a3 Na2 24. Rxc8 Qxc8 25. Qh6+ Kf6 26. Qxg6+ Ke7 27. Rh7+ 1-0

[Event "European Rapid 2021"]
[Site "Katowice POL"]
[Date "2021.12.18"]
[Round "3.1"]
[White "Motylev, Alexander"]
[Black "Bauer, Thomas"]
[Result "1-0"]
[WhiteTitle "GM"]
[BlackTitle "CM"]
[WhiteElo "2633"]
[BlackElo "2214"]
[WhiteFideId "4121830"]
[BlackFideId "1639293"]
[EventDate "2021.12.18"]

1. e4 c5 2. Nf3 d6 3. Bb5+ Nc6 4. O-O Bd7 5. Re1 Nf6 6. c3 a6 7. Bf1 Bg4 8. d4
cxd4 9. cxd4 e5 10. d5 Nd4 11. Be3 Nxf3+ 12. gxf3 Bd7 13. Nd2 Nh5 14. Nc4 Bb5
15. Nb6 Bxf1 16. Kxf1 g6 17. Qa4+ Ke7 18. Nxa8 Qxa8 19. Rac1 b5 20. Bg5+ f6 21.
Rc7+ Ke8 22. Qc2 fxg5 23. Rc8+ Qxc8 24. Qxc8+ Kf7 25. Qd7+ Be7 26. Qe6+ Kf8 27.
Rc1 Ng7 28. Rc8+ Ne8 29. Rb8 b4 30. Rb7 1-0

[Event "European Rapid 2021"]
[Site "Katowice POL"]
[Date "2021.12.18"]
[Round "3.2"]
[White "Ortega Ruiz, Jose Miguel"]
[Black "Demchenko, Anton"]
[Result "0-1"]
[WhiteTitle "FM"]
[BlackTitle "GM"]
[WhiteElo "2314"]
[BlackElo "2654"]
[WhiteFideId "2209713"]
[BlackFideId "4160258"]
[EventDate "2021.12.18"]

1. d4 Nf6 2. c4 g6 3. Nc3 Bg7 4. e4 d6 5. Be2 Nbd7 6. Be3 e5 7. d5 Nc5 8. f3 Nh5
9. b4 Nd7 10. Nh3 a5 11. a3 Nf4 12. Nxf4 exf4 13. Bd4 Ne5 14. Rc1 axb4 15. axb4
Qh4+ 16. Bf2 Qg5 17. Nb5 O-O 18. Kf1 Qd8 19. c5 Bd7 20. cxd6 cxd6 21. Nd4 Ra2
22. h3 Bf6 23. Qe1 h5 24. Kg1 g5 25. Rc2 Rxc2 26. Nxc2 Kg7 27. Qd2 Ng6 28. Nd4
Qe7 29. Kh2 Rh8 30. Kg1 Qe5 31. Kf1 Ra8 32. Nc2 Qb2 33. Bd3 Bc3 34. Qd1 Ne5 0-1

[Event "European Rapid 2021"]
[Site "Katowice POL"]
[Date "2021.12.18"]
[Round "3.3"]
[White "Kovalenko, Igor"]
[Black "Lach, Aleksandra"]
[Result "1/2-1/2"]
[WhiteTitle "GM"]
[BlackTitle "WIM"]
[WhiteElo "2668"]
[BlackElo "2198"]
[WhiteFideId "14117908"]
[BlackFideId "1134299"]
[EventDate "2021.12.18"]

1. e4 c5 2. Nf3 g6 3. c3 Bg7 4. h3 d5 5. exd5 Qxd5 6. d4 Nc6 7. Be3 cxd4 8. cxd4
Nf6 9. Nc3 Qa5 10. Bc4 e6 11. O-O O-O 12. a3 a6 13. b4 Qd8 14. Rc1 Ne7 15. a4
Ned5 16. Qb3 Nxc3 17. Rxc3 Ne4 18. Rc2 Nd6 19. Bd3 b5 20. axb5 axb5 21. Bg5 Bf6
22. Bxf6 Qxf6 23. Ne5 Qf4 24. Qb2 Bb7 25. d5 Bxd5 26. Nd7 Rfc8 27. Nf6+ Kf8 28.
Rc5 Bc4 29. Bxc4 Nxc4 30. Nxh7+ Ke7 31. Qc3 Rxc5 32. bxc5 Nd2 33. g3 Qd4 34.
Qxd4 Nf3+ 35. Kg2 Nxd4 36. Rd1 e5 37. Ng5 Rc8 38. Rc1 f5 39. h4 b4 40. Nf3 Nxf3
41. Kxf3 b3 42. Ke3 Kd7 43. Kd3 Kc6 44. Kc3 Rb8 45. Kb2 e4 46. Rc3 Rb5 47. Rxb3
Rxc5 48. Rc3 Rxc3 49. Kxc3 Kc5 50. Kd2 Kd4 51. Ke2 Kd5 52. Kd2 Kd4 53. Ke2 Kd5
54. Ke3 Ke5 55. f3 exf3 56. Kxf3 Ke6 57. Ke2 Kd6 58. Kd2 Ke6 59. Ke2 Kd6 60. Kf3
Ke5 61. g4 fxg4+ 62. Kxg4 Kf6 63. h5 gxh5+ 64. Kxh5 1/2-1/2

[Event "European Rapid 2021"]
[Site "Katowice POL"]
[Date "2021.12.18"]
[Round "3.4"]
[White "Dudzinski, Pawel"]
[Black "Balog, Imre"]
[Result "0-1"]
[WhiteTitle "FM"]
[BlackTitle "GM"]
[WhiteElo "2193"]
[BlackElo "2577"]
[WhiteFideId "1117890"]
[BlackFideId "728446"]
[EventDate "2021.12.18"]

1. e4 e6 2. d4 d5 3. exd5 exd5 4. Nf3 Nf6 5. h3 Bd6 6. c4 O-O 7. c5 Be7 8. Bd3
b6 9. cxb6 axb6 10. Nc3 Ne4 11. Nxe4 dxe4 12. Bxe4 Bb4+ 13. Kf1 Ra5 14. a3 Re8
15. Bd3 Bb7 16. Be3 Bd6 17. b4 Ra8 18. Qc2 h6 19. Qc3 Nd7 20. Bb5 Re7 21. Bc6
Bxb4 22. axb4 Bxc6 23. Rc1 Bxf3 24. gxf3 Nf6 25. Kg2 Nd5 26. Qd2 Qd6 27. b5 Qg6+
28. Kh2 Qf5 29. Rhg1 Nxe3 30. fxe3 Qxf3 31. Rg3 Qe4 32. Rcg1 f5 33. d5 Qe5 34.
Qg2 Rd8 35. Kh1 Qxd5 36. Qxd5+ Rxd5 37. Rb1 Ree5 38. Rbg1 g5 39. h4 g4 40. Rc1
Rc5 41. Rxc5 Rxc5 42. e4 Rxb5 43. exf5 h5 44. Rc3 Rc5 45. Rd3 Rxf5 46. Rd8+ Kg7
47. Rd7+ Rf7 48. Rd5 Kg6 49. Rg5+ Kh6 50. Kg2 c5 51. Rd5 Rf6 52. Rd8 Rc6 53.
Rh8+ Kg6 54. Rg8+ Kh7 55. Rg5 Kh6 56. Kf2 c4 57. Ke2 c3 58. Kd1 c2+ 59. Kc1 Rc5
60. Rg8 b5 61. Rc8 Rxc8 0-1

[Event "European Rapid 2021"]
[Site "Katowice POL"]
[Date "2021.12.18"]
[Round "3.5"]
[White "Bogdanov, Ignat"]
[Black "Andersen, Mads"]
[Result "1/2-1/2"]
[BlackTitle "GM"]
[WhiteElo "2058"]
[BlackElo "2574"]
[WhiteFideId "14139650"]
[BlackFideId "1413864"]
[EventDate "2021.12.18"]

1. d4 d5 2. c4 c6 3. Nc3 Nf6 4. cxd5 cxd5 5. Nf3 Nc6 6. Bf4 a6 7. e3 Bg4 8. Be2
Bxf3 9. Bxf3 e6 10. O-O Be7 11. Rc1 O-O 12. Na4 Nd7 13. e4 dxe4 14. Bxe4 Rc8 15.
Bxc6 Rxc6 16. Rxc6 bxc6 17. Qc2 Nf6 18. Be5 Qd5 19. Rc1 Qxa2 20. Qxc6 a5 21. Qb5
Qd5 22. Nc3 Qxb5 23. Nxb5 Nd5 24. Rc6 Rd8 25. g3 Kf8 26. Ra6 Bb4 27. Ra7 f6 28.
Bc7 Nxc7 29. Rxc7 Rb8 30. Na7 Bd2 31. Rc2 Bb4 32. Rc7 Bd2 33. Rc2 Bh6 34. Nc6
Rb5 35. Kf1 Ke8 36. Rc5 Rxb2 37. Rxa5 Rb7 38. Ra7 Rxa7 39. Nxa7 Kd7 40. Ke2 g6
41. Kd3 Bf8 42. Nb5 Kc6 43. Kc4 h5 44. Nc3 Be7 45. d5+ exd5+ 46. Nxd5 Bd8 47.
Nc3 g5 48. f3 f5 49. Nd5 Kd6 50. Ne3 Ke5 51. Kd3 g4 52. Nc4+ Kd5 53. Ne3+ Ke5
54. Nc4+ Kd5 55. Ne3+ Ke6 56. Ke2 Bc7 57. Ng2 Bb8 58. Ke3 Ba7+ 59. Ke2 Bb8 60.
Ke3 Ba7+ 61. Ke2 Kf6 62. Nf4 Kg5 63. Ne6+ Kf6 64. Nf4 Kg5 65. Ne6+ Kh6 66. Nf4
Bb8 67. Nd5 Kg5 68. Kf2 Kg6 69. Kg2 Kf7 70. fxg4 hxg4 71. h3 Ke6 72. hxg4 Kxd5
73. gxf5 1/2-1/2

[Event "European Rapid 2021"]
[Site "Katowice POL"]
[Date "2021.12.18"]
[Round "3.6"]
[White "Laurusas, Tomas"]
[Black "Chylewski, Patryk"]
[Result "1-0"]
[WhiteTitle "GM"]
[BlackTitle "FM"]
[WhiteElo "2557"]
[BlackElo "2303"]
[WhiteFideId "12803731"]
[BlackFideId "1186191"]
[EventDate "2021.12.18"]

1. d4 Nf6 2. c4 e6 3. Nc3 Bb4 4. e3 O-O 5. Bd3 d5 6. cxd5 exd5 7. Ne2 Re8 8. Bd2
c6 9. f3 c5 10. O-O Nc6 11. a3 cxd4 12. exd4 Ba5 13. Bg5 Bb6 14. Kh1 Be6 15. Na4
Bc7 16. Nc5 b6 17. Nxe6 Rxe6 18. Bf5 Re8 19. Rc1 Ne7 20. Bxf6 gxf6 21. Bd3 Ng6
22. f4 Qd6 23. Ng3 Kh8 24. Qh5 Rg8 25. Nf5 Qd7 26. Nh6 Rg7 27. Bf5 Qd6 28. g3
Rf8 29. Bd3 Qd7 30. Qf5 Qd8 31. Rfe1 Re8 32. Rxe8+ Qxe8 33. Rxc7 Qe1+ 34. Kg2
Nh4+ 35. Kh3 Rxg3+ 36. hxg3 Nxf5 37. Rc8+ Kg7 38. Nxf5+ Kg6 39. Rg8+ Kh5 40. g4# 1-0

[Event "European Rapid 2021"]
[Site "Katowice POL"]
[Date "2021.12.18"]
[Round "3.7"]
[White "Niedbala, Bartlomiej"]
[Black "Fridman, Daniel"]
[Result "0-1"]
[WhiteTitle "FM"]
[BlackTitle "GM"]
[WhiteElo "2385"]
[BlackElo "2626"]
[WhiteFideId "21834008"]
[BlackFideId "11600454"]
[EventDate "2021.12.18"]

1. e4 c6 2. Nf3 d5 3. d3 dxe4 4. dxe4 Qxd1+ 5. Kxd1 Nf6 6. Nbd2 g6 7. Ne1 Be6 8.
f3 Bh6 9. Nd3 Nbd7 10. Nb3 Bxc1 11. Kxc1 g5 12. Nd4 O-O-O 13. Be2 Bc4 14. Nf5
Rhe8 15. Ng7 Rg8 16. Nf5 Rde8 17. Kd2 Kc7 18. Nf2 Ne5 19. b3 Rd8+ 20. Ke3 Be6
21. Nd4 Bd7 22. c3 h5 23. g3 Ng6 24. b4 Ne8 25. c4 Ng7 26. Rad1 e5 27. Nb3 f5
28. Nd3 b6 29. exf5 Bxf5 30. a4 Rge8 31. Kf2 e4 32. fxe4 Rxe4 33. Nb2 Rf8 34.
Ke1 Bg4 35. Rd2 Rfe8 36. Nc1 Nf5 37. Rf1 Nd4 38. Rf7+ Kb8 39. Rxd4 Rxd4 40. Rf6
Bxe2 41. Nxe2 Rde4 0-1

[Event "European Rapid 2021"]
[Site "Katowice POL"]
[Date "2021.12.18"]
[Round "3.8"]
[White "Pultinevicius, Paulius"]
[Black "Nemec, Jachym"]
[Result "1-0"]
[WhiteTitle "GM"]
[BlackTitle "FM"]
[WhiteElo "2546"]
[BlackElo "2402"]
[WhiteFideId "12809390"]
[BlackFideId "23716525"]
[EventDate "2021.12.18"]

1. c4 Nf6 2. Nc3 c5 3. Nf3 d5 4. cxd5 Nxd5 5. e3 Nc6 6. Bb5 g6 7. Ne5 Qd6 8. d4
Nxc3 9. bxc3 Bg7 10. Qf3 Bxe5 11. dxe5 Qe6 12. Qe4 O-O 13. f4 Bd7 14. Bc4 Qf5
15. Qxf5 Bxf5 16. Bd5 Rfd8 17. e4 Bd7 18. Be3 b6 19. Rd1 e6 20. Bb3 Na5 21. Bc2
Nc4 22. Bc1 Bc6 23. Kf2 Kf8 24. Kf3 Ke8 25. h4 h5 26. g4 hxg4+ 27. Kxg4 Rxd1 28.
Rxd1 Rd8 29. Rxd8+ Kxd8 30. Bd3 Na5 31. Kg5 Ke7 32. f5 Be8 33. Kh6 Nc6 34. f6+
Kd8 35. Bf4 Na5 36. Kg7 c4 37. Be2 b5 38. h5 gxh5 39. Bxh5 b4 40. cxb4 Nc6 41.
Bxf7 1-0

[Event "European Rapid 2021"]
[Site "Katowice POL"]
[Date "2021.12.18"]
[Round "3.9"]
[White "Stanisz, Patryk"]
[Black "Donchenko, Alexander"]
[Result "0-1"]
[WhiteTitle "CM"]
[BlackTitle "GM"]
[WhiteElo "2158"]
[BlackElo "2636"]
[WhiteFideId "1123106"]
[BlackFideId "24603295"]
[EventDate "2021.12.18"]

1. d4 Nf6 2. c4 e6 3. Nc3 Bb4 4. f3 c5 5. d5 d6 6. e4 b5 7. Ne2 bxc4 8. a3 Ba5
9. Qa4+ Bd7 10. Qxc4 exd5 11. exd5 O-O 12. Bg5 h6 13. h4 Re8 14. O-O-O hxg5 15.
hxg5 Nh7 16. Rxh7 Kxh7 17. Qh4+ Kg8 18. Ne4 Rxe4 19. fxe4 Qe7 20. Ng3 Bd8 21.
Qh2 Qxg5+ 22. Kb1 Qh4 0-1

[Event "European Rapid 2021"]
[Site "Katowice POL"]
[Date "2021.12.18"]
[Round "3.10"]
[White "Durarbayli, Vasif"]
[Black "Liodakis, Konstantinos-Spyros"]
[Result "1-0"]
[WhiteTitle "GM"]
[WhiteElo "2615"]
[BlackElo "2200"]
[WhiteFideId "13402935"]
[BlackFideId "4217136"]
[EventDate "2021.12.18"]

1. e4 e6 2. d4 d5 3. e5 c5 4. c3 Nc6 5. Nf3 Bd7 6. Be2 f6 7. O-O fxe5 8. dxe5
Qc7 9. Re1 O-O-O 10. Bf4 Nh6 11. c4 d4 12. Nbd2 Be7 13. Bd3 Rdf8 14. Bxh6 gxh6
15. a3 Rhg8 16. Bxh7 Rg7 17. Qc2 Bg5 18. Be4 Bf4 19. b4 Nxe5 20. bxc5 Bxd2 21.
Nxe5 Bxe1 22. Rxe1 Qxc5 23. Qb2 Ba4 24. Nd3 Qb6 25. Qd2 Rgf7 26. c5 Qb3 27. f3
Rg8 28. Qxh6 Rfg7 29. g3 Qa2 30. Kh1 Kb8 31. Nb4 Qf2 32. Nd3 Qa2 33. Nb4 Qf2 34.
Rb1 Ka8 35. c6 bxc6 36. Nxc6 Bc2 37. Qxg7 1-0

[Event "European Rapid 2021"]
[Site "Katowice POL"]
[Date "2021.12.18"]
[Round "3.12"]
[White "Tazbir, Marcin"]
[Black "Sliwicki, Damian"]
[Result "1-0"]
[WhiteTitle "GM"]
[BlackTitle "CM"]
[WhiteElo "2508"]
[BlackElo "2168"]
[WhiteFideId "1122452"]
[BlackFideId "1127128"]
[EventDate "2021.12.18"]

1. e4 c5 2. Nf3 g6 3. g3 Bg7 4. Bg2 Nc6 5. O-O d6 6. c3 e5 7. a3 Nge7 8. b4 O-O
9. d3 a5 10. b5 Na7 11. c4 f5 12. Nc3 f4 13. Ne2 h6 14. h4 fxg3 15. fxg3 Be6 16.
Be3 Qd7 17. Qd2 Kh7 18. Qxa5 Ng8 19. Nh2 Nf6 20. a4 b6 21. Qd2 Ng4 22. Nxg4 Bxg4
23. Nc3 Rxf1+ 24. Rxf1 Nc8 25. Ra1 Ne7 26. Kh2 Be6 27. Qe2 Ng8 28. Nd5 Bxd5 29.
cxd5 h5 30. Bh3 Qc7 31. g4 hxg4 32. Qxg4 c4 33. h5 g5 34. Qxg5 cxd3 35. Qg6+ Kh8
36. h6 Bf6 37. Rc1 Qh7 38. Qxh7+ Kxh7 39. Bf5+ Kh8 40. Rc8 Rxa4 41. h7 1-0

[Event "European Rapid 2021"]
[Site "Katowice POL"]
[Date "2021.12.18"]
[Round "3.13"]
[White "Starek, Stanislav"]
[Black "Stefansson, Hannes"]
[Result "0-1"]
[BlackTitle "GM"]
[WhiteElo "2198"]
[BlackElo "2518"]
[WhiteFideId "349844"]
[BlackFideId "2300087"]
[EventDate "2021.12.18"]

1. d4 Nf6 2. Nf3 b6 3. Bg5 Bb7 4. Nbd2 e6 5. e3 h6 6. Bf4 Nh5 7. Bd3 Nxf4 8.
exf4 c5 9. Qe2 cxd4 10. Nxd4 Nc6 11. Nf5 g6 12. Nh4 Qxh4 13. O-O-O Qxf4 14. Kb1
Bg7 15. g3 Qe5 0-1

[Event "European Rapid 2021"]
[Site "Katowice POL"]
[Date "2021.12.18"]
[Round "3.16"]
[White "Gumularz, Szymon"]
[Black "Adamczewski, Maciej"]
[Result "1-0"]
[WhiteTitle "GM"]
[WhiteElo "2539"]
[BlackElo "2042"]
[WhiteFideId "1188062"]
[BlackFideId "1148702"]
[EventDate "2021.12.18"]

1. e4 e6 2. d4 d5 3. exd5 exd5 4. Nf3 Nc6 5. Nc3 Bg4 6. Bb5 Bb4 7. h3 Bh5 8. g4
Bg6 9. Ne5 Ne7 10. h4 f6 11. Nxg6 hxg6 12. Qd3 Qd7 13. f3 a6 14. Ba4 Bd6 15. Ne2
O-O-O 16. Bd2 g5 17. h5 g6 18. O-O-O gxh5 19. gxh5 Rh6 20. f4 Rdh8 21. Bxc6 Nxc6
22. fxg5 fxg5 23. Qf3 Be7 24. Rdg1 Rf8 25. Qg2 Rf5 26. c3 Na5 27. Ng3 Rf7 28.
Rf1 Rxf1+ 29. Rxf1 Nc4 30. Nf5 Nxd2 31. Kxd2 Re6 32. h6 Bf6 33. Ne3 c6 34. Ng4
Bd8 35. Ne5 Qh7 36. Rf8 Rf6 37. Rxd8+ Kxd8 38. Qxg5 Qf5 39. Qxf5 Rxf5 40. h7 Rh5
41. h8=Q+ Rxh8 42. Nf7+ Ke7 43. Nxh8 Kf6 44. Ke3 1-0

[Event "European Rapid 2021"]
[Site "Katowice POL"]
[Date "2021.12.18"]
[Round "3.17"]
[White "Kukula, Pawel"]
[Black "Krasenkow, Michal"]
[Result "0-1"]
[BlackTitle "GM"]
[WhiteElo "2109"]
[BlackElo "2576"]
[WhiteFideId "1115081"]
[BlackFideId "1113100"]
[EventDate "2021.12.18"]

1. e4 g6 2. d4 Bg7 3. Nf3 d6 4. Bc4 Nf6 5. Qe2 O-O 6. O-O c6 7. Bb3 Bg4 8. c3
Nbd7 9. h3 Bxf3 10. Qxf3 e5 11. Be3 a5 12. Nd2 a4 13. Bc2 b5 14. Rad1 Qa5 15. a3
Rfe8 16. Bb1 d5 17. Rfe1 Rad8 18. exd5 cxd5 19. Ba2 e4 20. Qg3 Nb6 21. Qh4 Nc4
22. Bxc4 bxc4 23. Bg5 Qb6 24. Nf1 Rd6 25. Rd2 Nd7 26. Rde2 f5 27. Ne3 Nf8 28.
Be7 Rd7 29. Bc5 Qb8 30. Bxf8 Bxf8 31. Qf6 Rd6 32. Qh4 Qb7 33. Nf1 Rb6 34. Ne3
Be7 35. Qg3 Bd6 36. f4 exf3 37. Qxf3 Re4 38. Nd1 Bb8 39. Rxe4 fxe4 40. Qg4 Qc7
41. Qg5 Kg7 42. Kf1 Rf6+ 43. Ke2 Rf5 44. Qh4 Rf4 45. Qg5 Qb7 46. Qd8 Rf8 47. Qa5
Qb3 48. Kd2 Bf4+ 49. Re3 Bxe3+ 50. Kxe3 Qxd1 51. Qc7+ Kh6 0-1

[Event "European Rapid 2021"]
[Site "Katowice POL"]
[Date "2021.12.18"]
[Round "3.49"]
[White "Kos, Pawel"]
[Black "Nytra, Ondrej"]
[Result "0-1"]
[WhiteElo "2234"]
[BlackElo "2125"]
[WhiteFideId "1120085"]
[BlackFideId "371955"]
[EventDate "2021.12.18"]

1. Nf3 d5 2. d4 c6 3. Bf4 Nf6 4. e3 Qb6 5. Qc1 g6 6. Bd3 Bg7 7. Nbd2 O-O 8. h4
h5 9. c3 Nbd7 10. Qc2 Ng4 11. Ng5 c5 12. f3 Nh6 13. g4 e5 14. dxe5 Nxe5 15. Bxe5
Bxe5 16. O-O-O c4 17. Be2 Qxe3 18. Rhe1 Bg3 19. Rg1 Bxh4 20. gxh5 Bf5 21. Ne4
Qxe2 22. hxg6 fxg6 23. Rxg6+ Bxg6 24. Rg1 Kh7 25. Qa4 dxe4 26. Qd7+ Rf7 27. Qe6
Rg8 28. f4 e3 29. Ne4 Bxe4 30. Qxe4+ Nf5 31. Rh1 Qd2+ 32. Kb1 Qd3+ 0-1